Modelovanie procesov reverznej logistiky inauguračná prednáška : študijný odbor: 3.3.25 Ekonometria a operačný výskum
Salvato in:
| Autore principale: | |
|---|---|
| Ente Autore: | |
| Natura: | Libro |
| Lingua: | slovacco |
| Pubblicazione: |
Bratislava
[Katedra operačného výskumu a ekonometrie FHI EU]
2009
|
| Serie: | Habilitačné a inauguračné prednášky
|
| Soggetti: | |
| Tags: |
Nessun Tag, puoi essere il primo ad aggiungerne!!
|
MARC
| LEADER | 00000nam$a2200000$$$4500 | ||
|---|---|---|---|
| 001 | 0107849 | ||
| 005 | 20240502072205.7 | ||
| 020 | |a 978-80-225-2884-9 | ||
| 041 | 0 | |a slo | |
| 044 | |a SK | ||
| 245 | 1 | 0 | |a Modelovanie procesov reverznej logistiky |b inauguračná prednáška : študijný odbor: 3.3.25 Ekonometria a operačný výskum |c Ivan Brezina |
| 264 | 1 | |a Bratislava |b [Katedra operačného výskumu a ekonometrie FHI EU] |c 2009 | |
| 300 | |a 66 s. | ||
| 490 | 1 | |a Habilitačné a inauguračné prednášky | |
| 830 | 0 | |a Habilitačné a inauguračné prednášky | |
| 610 | 2 | 0 | |a logistika reverzná |
| 610 | 2 | 0 | |a modelovanie ekonometrické |
| 100 | 1 | |a Brezina, Ivan, 1963- | |
| 710 | 2 | |a Ekonomická univerzita v Bratislave. Fakulta hospodárskej informatiky | |